O kritických teóriách v súčasnej vede o medzinárodných vzťahoch

Klasifikácia teorií medzinárodných vzťahov: neorealizmus, neoliberalizmus, scientizmus a kriticizmus. Kritické teórie v medzinárodných vzťahoch. Neomarxizmus a postmodernistické teórie, koncepcie a idey. Podnety pre rozvoj neomarxistických kritických teórií medzinárodných vzťahov v podmienkach globá...

ver descrição completa

Na minha lista:
Detalhes bibliográficos
Autor principal: Škvrnda, František
Formato: Capítulo de Livro
Idioma:eslovaco
Assuntos:
Tags: Adicionar Tag
Sem tags, seja o primeiro a adicionar uma tag!

MARC

LEADER 00000nla$a2200000$$$4500
001 0104397
005 20240610132308.1
041 0 |a slo 
044 |a SK 
245 1 0 |a O kritických teóriách v súčasnej vede o medzinárodných vzťahoch  |c František Škvrnda 
520 |a Klasifikácia teorií medzinárodných vzťahov: neorealizmus, neoliberalizmus, scientizmus a kriticizmus. Kritické teórie v medzinárodných vzťahoch. Neomarxizmus a postmodernistické teórie, koncepcie a idey. Podnety pre rozvoj neomarxistických kritických teórií medzinárodných vzťahov v podmienkach globálnej krízy. 
610 2 0 |a vzťahy medzinárodné 
610 2 0 |a politika medzinárodná 
610 2 0 |a teórie politické 
610 2 0 |a veda 
610 2 0 |a vývoj 
610 2 0 |a liberalizmus 
100 1 |a Škvrnda, František